<?xml version="1.0" encoding="UTF-8"?>
<record
    xmlns:xsi="http://www.w3.org/2001/XMLSchema-instance"
    xsi:schemaLocation="http://www.loc.gov/MARC21/slim http://www.loc.gov/standards/marcxml/schema/MARC21slim.xsd"
    xmlns="http://www.loc.gov/MARC21/slim">

  <leader>00708naa a2200193 a 4500</leader>
  <controlfield tag="001">80487</controlfield>
  <controlfield tag="003">BD-RjUL</controlfield>
  <controlfield tag="005">20221003104714.0</controlfield>
  <controlfield tag="008">221003s1977    pk ||||| |||| 001 p urd d</controlfield>
  <datafield tag="035" ind1=" " ind2=" ">
    <subfield code="a">(BD-RjUL)80487</subfield>
  </datafield>
  <datafield tag="040" ind1=" " ind2=" ">
    <subfield code="a">BD-RjUL</subfield>
    <subfield code="b">eng</subfield>
    <subfield code="c">BD-RjUL</subfield>
  </datafield>
  <datafield tag="041" ind1=" " ind2=" ">
    <subfield code="a">urd</subfield>
  </datafield>
  <datafield tag="082" ind1=" " ind2=" ">
    <subfield code="2">23</subfield>
    <subfield code="a">891.4391509</subfield>
    <subfield code="b">ABI 1977</subfield>
  </datafield>
  <datafield tag="245" ind1="1" ind2="0">
    <subfield code="a">&#x627;&#x642;&#x628;&#x627;&#x644; &#x643;&#x6D2; &#x634;&#x639;&#x631;&#x64A; &#x645;&#x627;&#x62E;&#x630; &#x645;&#x62B;&#x646;&#x648;&#x64A; &#x631;&#x648;&#x645;&#x64A; &#x645;&#x6CC; # #   Iqbal ki shari poetry makhaj Mathnawi Rumi Mi  /</subfield>
    <subfield code="c">&#x633;&#x64A;&#x62F; &#x648;&#x632;&#x64A;&#x631; &#x627;&#x644;&#x62D;&#x633;&#x646; &#x639;&#x627;&#x628;&#x62F;&#x64A;  # # sayid wazir alhasan abidi</subfield>
  </datafield>
  <datafield tag="260" ind1=" " ind2=" ">
    <subfield code="a">&#x644;&#x627;&#x647;&#x648;&#x631; :Lahore :</subfield>
    <subfield code="b">&#x645;&#x62C;&#x644;&#x633; &#x62A;&#x631;&#x642;&#x64A; &#x627;&#x62F;&#x628;  ,majlis taraqiy adb ,</subfield>
    <subfield code="c">1977</subfield>
  </datafield>
  <datafield tag="300" ind1=" " ind2=" ">
    <subfield code="a">367. p;</subfield>
    <subfield code="c">22 cm</subfield>
  </datafield>
  <datafield tag="650" ind1=" " ind2=" ">
    <subfield code="a">Urdu Poetry</subfield>
    <subfield code="v">History &amp; Criticism</subfield>
    <subfield code="9">5120</subfield>
  </datafield>
  <datafield tag="942" ind1=" " ind2=" ">
    <subfield code="2">ddc</subfield>
    <subfield code="c">BK</subfield>
  </datafield>
  <datafield tag="999" ind1=" " ind2=" ">
    <subfield code="c">80487</subfield>
    <subfield code="d">80487</subfield>
  </datafield>
  <datafield tag="952" ind1=" " ind2=" ">
    <subfield code="0">0</subfield>
    <subfield code="1">0</subfield>
    <subfield code="2">ddc</subfield>
    <subfield code="4">0</subfield>
    <subfield code="7">1</subfield>
    <subfield code="8">NFIC</subfield>
    <subfield code="a">RUCL</subfield>
    <subfield code="b">RUCL</subfield>
    <subfield code="c">Reading</subfield>
    <subfield code="d">1992-05-05</subfield>
    <subfield code="e">Abacus books london ,</subfield>
    <subfield code="g">1.40</subfield>
    <subfield code="o">U 891.4391509 ABI 1977</subfield>
    <subfield code="r">2022-10-03 00:00:00</subfield>
    <subfield code="t">C-1</subfield>
    <subfield code="y">BK</subfield>
  </datafield>
</record>
